MARC

LEADER 00000nam0a2200000 4500
001 249429
005 20231101232455.0
035 |a (RuTPU)RU\TPU\book\271514 
090 |a 249429 
100 |a 20140205d1988 m y0rusy50 ca 
101 0 |a rus 
102 |a RU 
105 |a a j 001zy 
200 1 |a Динамика сложных систем. Устойчивость к связыванию и двухуровневое управление в сложных системах  |e текст лекций  |f А. А. Воронов  |g Московский государственный институт радиотехники, электроники и автоматики (Технический университет) (МИРЭА) 
210 |a Москва  |c [Б. и.]  |d 1988 
215 |a 48 с.  |c ил. 
320 |a Библиогр.: с. 47. 
606 1 |a Сложные системы  |x Теория  |2 stltpush  |3 (RuTPU)RU\TPU\subj\55208  |9 73268 
610 1 |a автоматизированные системы управления 
610 1 |a АСУ 
610 1 |a устойчивость 
610 1 |a матрицы 
610 1 |a векторные функции Ляпунова 
610 1 |a нелинейные системы 
610 1 |a неустойчивость 
610 1 |a динамика 
610 1 |a коннективная устойчивость 
610 1 |a учебные пособия 
675 |a 681.51.01(075.8)  |v 3 
700 1 |a Воронов  |b А. А.  |g Авенир Аркадьевич 
712 0 2 |a Московский государственный институт радиотехники, электроники и автоматики (Технический университет) (МИРЭА)  |2 stltpush  |3 (RuTPU)RU\TPU\col\119 
801 1 |a RU  |b 63413507  |c 20140205 
801 2 |a RU  |b 63413507  |c 20140220  |g RCR 
942 |c BK